Quản trị cơ sở dữ liệu với Microsoft FoxPro for Windows version 2.6; T2 Giáo trình thực hành

Sparad:
Bibliografiska uppgifter
Huvudupphovsman: Ông Văn Thông
Materialtyp: Bok
Språk:Undetermined
Publicerad: Tp. HCM Thống Kê 1996
Ämnen:
Taggar: Lägg till en tagg
Inga taggar, Lägg till första taggen!
Thư viện lưu trữ: Trung tâm Học liệu Trường Đại học Cần Thơ
LEADER 00653nam a2200181Ia 4500
001 CTU_30690
008 210402s9999 xx 000 0 und d
082 |a 005.7565 
082 |b Th455w 
100 |a Ông Văn Thông 
245 0 |a Quản trị cơ sở dữ liệu với Microsoft FoxPro for Windows version 2.6; T2 
245 0 |b Giáo trình thực hành 
245 0 |c Ông Văn Thông, Phạm Văn Tuấn 
260 |a Tp. HCM 
260 |b Thống Kê 
260 |c 1996 
650 |a database management - computer programs,foxpro ( computer program language ) 
980 |a Trung tâm Học liệu Trường Đại học Cần Thơ